Jennifer Lopez Movies - Sudden Death - Statistics

General Stats
  • This quiz has been taken 100 times
  • The average score is 8 of 19
Answers on the Grid
Answers color-coded by a green-red scale on the quiz's grid according to % correct below.
Parker
Destination Wedding
An Unfinished Life
Monster-in-Law
Hustlers
Money Train
Ocean Eyes
Selena
The Boy Next Door
Marry Me
Striptease
Out of Sight
Anaconda
Bird Box
Jack
The Wedding Singer
The Cell
Enough
Maid in Manhattan
Cadillac Records
Jersey Girl
U Turn
Mi Vida Loca
Shall We Dance?
Salt
The Mother
The Back-up Plan
Bad Teacher
 
Answer Stats
Answer % Correct
Maid in Manhattan
74%
Anaconda
68%
Monster-in-Law
67%
Selena
66%
Hustlers
62%
Marry Me
61%
Enough
48%
The Boy Next Door
48%
Shall We Dance?
45%
The Back-up Plan
45%
Out of Sight
41%
Jersey Girl
35%
The Cell
35%
Parker
33%
The Mother
28%
Money Train
26%
An Unfinished Life
21%
Jack
12%
U Turn
12%
No matching quizzes found
Score Distribution
Percent of People with Each Score
Percentile by Number Answered
Your Score History
You have not taken this quiz